| 000 | 00386nam a22001577a 4500 | ||
|---|---|---|---|
| 003 | NUST | ||
| 020 | _a9781119426134 | ||
| 038 | _akhadija | ||
| 082 |
_a671.35 _bHAN |
||
| 100 |
_aHanson, Kip _981229 |
||
| 245 |
_aMachining : _bfor dummies\ _cKip Hanson |
||
| 260 |
_aNew Jersy, _bHanson, _c2018. |
||
| 300 |
_aix, 299p. ; _bPaperback, _c23 cm. |
||
| 563 | _aPaperback | ||
| 942 |
_2ddc _cBK |
||
| 999 |
_c586098 _d586098 |
||